000 00617nam a22002177a 4500
003 UA-OsUOA
001 42238
007 ta
008 20061031b un ||||| |||| 00| 0 ukr d
090 _a37.013
_bМ43
942 _cBK
040 _aUA-OsUOA
_brus
_cUA-OsUOA
_dUA-OsUOA
245 _aМежпредметные связи
_bсборник статей из опыта работы
300 _a174 с.
955 _a2
041 _arus
080 _a37.013
260 _aМ.
_bПросвещение
_c1977
650 7 _a37.0 Основні види та принципи освіти
_2UDC
999 _c328371
_d328371